000
00310nam a2200109Ia 4500
008
221009s9999 xx 000 0 und d
082
_a
510
100
_a
Guider
_9
79384
245
0
_a
30 प्रैक्टिस सेट्स एडवांस्ड मैथ्स
260
_b
Guider
942
_c
BK
999
_c
65340
_d
65340